000
00344cam a2200145ua 4500
041
_a
eng
_h
082
_a
332.041
_b
HAW/CA
100
_a
Hawtrer, R.G .
245
_a
Capital and Employment /
_c
Hawtrer.
_h
Textual Documents
260
_a
London :
_b
Longman ,
_c
1952.
300
_a
337 ; .
504
_a
942
_c
BK
999
_c
12474
_d
12474